Guida delle fonti per la storia dell'America latina esistenti in Italia
Gardado en:
| Autor Principal: | |
|---|---|
| Formato: | Libro |
| Idioma: | Lingua italiana |
| Publicado: |
Roma
Direzione Generale degli Archivi di Stato
1976
|
| Edición: | 1a. ed |
| Series: | Guida delle fonti per la storia delle nazioni, 8
|
| Subjects: | |
| Tags: |
Engadir etiqueta
Sen Etiquetas, Sexa o primeiro en etiquetar este rexistro!
|
MARC
| LEADER | 00000cam a2200000 a 4500 | ||
|---|---|---|---|
| 001 | UCE7059 | ||
| 003 | CL-VaPUC | ||
| 008 | 150520e19760000it |||||||||||||||||ita|d | ||
| 082 | 0 | 4 | |a 980 |b LOD |2 21 |
| 100 | |a Lodolini, Elio |e autor |9 514305 | ||
| 245 | 1 | 0 | |a Guida delle fonti per la storia dell'America latina esistenti in Italia |
| 250 | |a 1a. ed | ||
| 300 | |a v | ||
| 942 | |c BK | ||
| 945 | |d 20150520 16:51:00 |a dcastane | ||
| 260 | |a Roma |b Direzione Generale degli Archivi di Stato |c 1976 | ||
| 650 | 0 | |a Historia de América |9 266076 | |
| 650 | 0 | |a Fuentes de la historia |9 323547 | |
| 583 | |a last modification |c 20150520 16:51:00 |k Rodrigo Vera | ||
| 490 | 0 | |a Guida delle fonti per la storia delle nazioni, 8 | |
| 999 | |c 359201 |d 359199 | ||
| 952 | |0 0 |1 0 |3 erb |4 0 |6 980_000000000000000_LOD_1976 |7 0 |8 P |9 468275 |a BIBTEO |b BIBTES |c TEO_FTES |e Rehbein Pesce, Antonio, -2014 |h v.1 |i 5180767 |o 980 LOD 1976 |p 5180767 |r 2024-01-18 |w 2019-11-23 |y BK |z Catalogado en:20150520 |k ICR | ||